000 00660nam a22002177a 4500
999 _c17567
_d17567
003 AR-CdUCM
008 190509b ||||| |||| 00| 0 spa d
040 _aMUNICIPALIDAD PROVINCIAL DEL CUSCO
_cBIBLIOTECA MUNICIPAL DEL CUSCO
041 _hrus
082 _a301.21 /
_bK38
100 _aKelle, Vladislav
_937653
245 _aFormas de la conciencia social /
260 _aArgentina :
_bLautaro,
_c1962.
300 _a237 paginas ;
_bIlustraciones, graficos, dibujos,
_c20 cm.
500 _aAspecto social
650 _aSocial
_92020
650 _aPolitica
_9291
700 _aKovalzon, Matvei
_937654
942 _2ddc
_cLIBROS
945 _apjha
_d2019-05-09